Представление документа в формате MARC21

Поле Инд. ПП Название Значение
Тип записи a
Библиографический уровень a
001 Контрольный номер 175130318be6470f98fdc3e0739d74e0
005 Дата корректировки 20160217104844.2
040 a Служба первич. каталог. НБ ТвГУ
b Код языка каталог. rus
e Правила каталог. PSBO
041 0_ a Код языка текста rus
097 b Оператор novikova
098 b Факультет Психологии и социальной работы
c Кафедра педагогики и социальной работы
100 1_ a Автор Суворина Елена Александровна
q Полное имя Суворина Е. А.
245 10 a Заглавие Анализ становления и развития НОУ «Русская школа»: исторический и организационно-правовой аспекты
260 a Место издания Москва
b Издательство Эврика
440 _0 a Серия Библиотека культурно-образовательных инициатив
520 0_ a Аннотация Замысел проекта «Акмеология школы родной культуры» - объединение культурно-образовательных и материальных ресурсов государства, общества, семьи и церкви в пространстве жизнедеятельности социокультурного института Школы родной культуры как перспективной образовательной модели в ситуации поликультурной российской действительности.
653 0_ a Ключевые слова Труды Тверского государственного университета
a Ключевые слова Школа родной культуры
a Ключевые слова Русская школа
a Ключевые слова Культурно-образовательное пространство
a Ключевые слова Образование
773 18 w Контрольный № источника RU/IS/BASE/386697392
t Название источника Школа родной культуры, или Педагогика праздника
d Место и дата издания Москва : Эврика, 2005
g Прочая информация С. 37-53
901 t Тип документа a
920 a Оператор Нови